LEADER 00935nam a2200265 i 4500 001 991000195899707536 005 20020506110732.0 008 000418s1984 ||| ||| | eng 020 $a0201134489 035 $ab10043603-39ule_inst 035 $aLE02614826$9ExL 040 $aDip.to Ingegneria dell'Innovazione$bita 082 0 $a686.2 100 1 $aKnuth, Donald E.$048274 245 14$aThe Texbook /$cDonald E. Knuth ; illustrations by Duane Bibby 260 $aReading [etc.] :$bAddison Wesley,$cc 1984 300 $aix, 483 p. :$bill. ;$c24 cm 650 4$aTex - Videoscrittura - Manuale 700 1 $aBibby, Duane 907 $a.b10043603$b21-09-06$c31-05-02 912 $a991000195899707536 945 $aLE026 686.2 KNU 01.01 1984$g1$i2026000009575$lle026$o-$pE0.00$q-$rn$s- $t0$u0$v0$w0$x0$y.i10051302$z31-05-02 996 $aTEXbook$9190991 997 $aUNISALENTO 998 $ale026$b01-01-00$cm$da $e-$feng$gxx $h4$i1 LEADER 02034nas 2200577-a 450 001 996214110803316 005 20230801213017.0 011 $a1366-5898 035 $a(DE-599)ZDB1484534-9 035 $a(OCoLC)38272163 035 $a(CKB)954925255159 035 $a(CONSER)---00238747- 035 $a(EXLCZ)99954925255159 100 $a19980127a19889999 --- a 101 0 $aeng 135 $aurmnu|||||||| 181 $ctxt$2rdacontent 182 $cc$2rdamedia 183 $acr$2rdacarrier 200 10$aInternational journal of qualitative studies in education $eQSE 210 $a[London] $cTaylor & Francis 210 3 $a[Abingdon, Oxon UK] $cRoutledge$cCo-published with UNISA Press 300 $aRefereed/Peer-reviewed 311 $a0951-8398 517 3 $aQSE 517 1 $aQualitative studies in education 531 $aINTERNATIONAL JOURNAL OF QUALITATIVE STUDIES IN EDUCATION QSE 531 $aQUALITATIVE STUDIES IN EDUCATION 531 $aQSE 531 $aINTERNATIONAL JOURNAL OF QUALITATIVE STUDIES IN EDUCATION 531 0 $aInt. j. qual. stud. educ. 606 $aEducation$xResearch$vPeriodicals 606 $aÉducation$xRecherche$vPériodiques 606 $aSciences de l'éducation$xMéthodes qualitatives$vPériodiques 606 $aEducation$xResearch$2fast$3(OCoLC)fst00902743 606 $aRecherche en éducation$2rasuqam 606 $aRecherche qualitative$2rasuqam 608 $aPeriodicals.$2fast 608 $aPériodique électronique (Descripteur de forme)$2rasuqam 608 $aRessource Internet (Descripteur de forme)$2rasuqam 615 0$aEducation$xResearch 615 6$aÉducation$xRecherche 615 6$aSciences de l'éducation$xMéthodes qualitatives 615 7$aEducation$xResearch. 615 17$aRecherche en éducation. 615 17$aRecherche qualitative. 676 $a370.7805 906 $aJOURNAL 912 $a996214110803316 996 $aInternational journal of qualitative studies in education$92578342 997 $aUNISA